ბათუმის შოთა რუსთაველის სახელმწიფო უნივერსიტეტის ბიბლიოთეკა

Kaukasien und Seine Nachbarn Im VI.-II. jt. v. Chr = კავკასია და გარე სამყარო ძვ. წ. VI-II ათასწლეულებში / (ბიბ.ჩანაწერი № 60570)

000 -LEADER
fixed length control field 01279nam a22002417a 4500
005 - DATE AND TIME OF LATEST TRANSACTION
control field 20230907114010.0
008 - FIXED-LENGTH DATA ELEMENTS--GENERAL INFORMATION
fixed length control field 230907s2018 gw ||||| |||| 00| 0 ger d
020 ## - INTERNATIONAL STANDARD BOOK NUMBER
International Standard Book Number 9789941800214
041 ## - LANGUAGE CODE
Language code of text/sound track or separate title eng
080 ## - UNIVERSAL DECIMAL CLASSIFICATION NUMBER
Universal Decimal Classification number 903(479) P-70
100 ## - MAIN ENTRY--PERSONAL NAME
Personal name Pitskhelauri, Kote
9 (RLIN) 19782
245 ## - TITLE STATEMENT
Title Kaukasien und Seine Nachbarn Im VI.-II. jt. v. Chr = კავკასია და გარე სამყარო ძვ. წ. VI-II ათასწლეულებში /
Statement of responsibility, etc. Kote Pitskhelauri; Redakture: Nikoloz Antidze, David Lomitaschvili.
264 ## - PRODUCTION, PUBLICATION, DISTRIBUTION, MANUFACTURE, AND COPYRIGHT NOTICE
Place of production, publication, distribution, manufacture Tbilisi,
Date of production, publication, distribution, manufacture, or copyright notice 2018.
300 ## - PHYSICAL DESCRIPTION
Extent 336 p. :
Other physical details ill.;
Dimensions 24 cm.
521 ## - TARGET AUDIENCE NOTE
Target audience note წიგნი არის გერმანულ და ქართულ ენაზე
653 ## - INDEX TERM--UNCONTROLLED
keyword კავკასია და მისი მეზობლები
653 ## - INDEX TERM--UNCONTROLLED
keyword კავკასია -- არქეოლოგიური კულტურა
653 ## - INDEX TERM--UNCONTROLLED
keyword ევროპა -- არქეოლოგიური კულტურა
653 ## - INDEX TERM--UNCONTROLLED
keyword პრეისტორიული არქეოლოგიური კულტურა
700 ## - ADDED ENTRY--PERSONAL NAME
Personal name Antidze, Nikoloz
Relator term რედაქტორი
9 (RLIN) 19783
700 ## - ADDED ENTRY--PERSONAL NAME
Personal name Lomitaschvili, David
Relator term რედაქტორი
9 (RLIN) 19784
942 ## - ADDED ENTRY ELEMENTS (KOHA)
Source of classification or shelving scheme
Koha item type წიგნი
ეგზემპლარები
Withdrawn status Lost status Source of classification or shelving scheme Damaged status Not for loan Permanent Location Current Location Shelving location Date acquired Cost, normal purchase price Full call number Barcode Date last seen Copy number Uniform Resource Identifier Price effective from Koha item type Public note
          ბათუმის შოთა რუსთაველის სახელმწიფო უნივერსიტეტის მთავარი ბიბლიოთეკა ბათუმის შოთა რუსთაველის სახელმწიფო უნივერსიტეტის მთავარი ბიბლიოთეკა წიგნსაცავი 2023-09-07 10.00 903(479) P-70 65186 2023-09-07 65186 ბსუ-ს საპატიო დოქტორის გურამ ლორთქიფანიძის საჩუქარი 2023-09-07 წიგნი 10 ლ.